000 02028cam a2200421 4500
999 _c21819
_d21819
001 15984800
003 OSt
005 20200611131759.0
008 090403s2009 enk b 001 0 eng
010 _a 2009509880
020 _a9781845118235 (pbk.)
020 _a1845118235 (pbk.)
035 _a(OCoLC)ocn317662300
035 _a(OCoLC)317662300
_z(OCoLC)225820515
040 _aOI@
_coclc
_dOI@
_dOCLCQ
_dYDXCP
_dBTCTA
_dBAKER
_dBWK
_dBWX
_dVVC
_dNLGGC
_dDLC
042 _alccopycat
043 _aaw-----
050 0 0 _aBP63.A4
_bM539 2009
082 0 4 _a297.1977
_bZUB/I
100 _aZubaida, Sami
_d1937-
_92788
245 1 0 _aIslam, the people and the state :
_bpolitical ideas and movements in the Middle East /
_cSami Zubaida.
250 _aNew 3rd ed.
260 _aLondon ;
_aNew York :
_bI.B. Tauris,
_c2009.
300 _a192 p. ;
504 _aIncludes bibliographical references (p. 183-187) and index.
505 0 _aIntroduction to the third edition -- The ideological preconditions for Khomeini's doctrine of government -- The quest for the Islamic state: Islamic fundamentalism in Egypt and Iran -- Classes as political actors in the Iranian revolution -- Class and community in urban politics -- Components of popular culture in the Middle East -- The nation state in the Middle East.
650 0 _aIslam and politics
_zMiddle East.
650 0 _aIslam and state.
650 1 7 _aIslam.
_2gtt
650 1 7 _aPolitieke bewegingen.
_2gtt
650 1 7 _aPolitieke ideeën.
_2gtt
651 0 _aMiddle East
_xPolitics and government.
651 0 _aIran
_xPolitics and government
_y1979-1997.
651 7 _aMidden-Oosten.
_2gtt
906 _a7
_bcbc
_ccopycat
_d2
_encip
_f20
_gy-gencatlg
942 _2ddc
_cBK
_h297.1977
_iZUB/I
_k297.1977
_mZUB/I